书目信息 |
| 题名: |
水文水资源科技与管理研究
|
|
| 作者: | 王永党 , 李传磊 , 付贵 著 | |
| 分册: | ||
| 出版信息: | 汕头 汕头大学出版社 2019 |
|
| 页数: | 311页 | |
| 开本: | 24cm | |
| 丛书名: | ||
| 单 册: | ||
| 中图分类: | P33 , TV213.4 | |
| 科图分类: | ||
| 主题词: | 水文学--shui wen xue , 水资源管理--shui zi yuan guan li--研究--中国 | |
| 电子资源: | ||
| ISBN: | 978-7-5658-3582-7 | |
| 000 | 01078nam0 2200301 45 | |
| 001 | 012001002524 | |
| 005 | 20140101143718.0 | |
| 010 | @a978-7-5658-3582-7@dCNY80.00 | |
| 099 | @aCAL 012019100403 | |
| 100 | @a20190528d2018 em y0chiy50 ea | |
| 101 | 0 | @achi |
| 102 | @aCN@b440000 | |
| 105 | @aak a 000yy | |
| 106 | @ar | |
| 200 | 1 | @a水文水资源科技与管理研究@Ashui wen shui zi yuan ke ji yu guan li yan jiu@f王永党, 李传磊, 付贵著 |
| 210 | @a汕头@c汕头大学出版社@d2019 | |
| 215 | @a311页@c图@d24cm | |
| 320 | @a有书目 (第310-311页) | |
| 330 | @a本书讲述了水文与水资源, 水文测验与水文调查, 水文统计, 地下水资源及其基本特征, 地下水资源计算与评估, 水资源开发利用、评价、规划、优化配置, 用水与节水, 水资源保护, 水资源公共行政管理等内容。 | |
| 606 | 0 | @a水文学@Ashui wen xue |
| 606 | 0 | @a水资源管理@Ashui zi yuan guan li@x研究@y中国 |
| 690 | @aP33@v5 | |
| 690 | @aTV213.4@v5 | |
| 701 | 0 | @a王永党@Awang yong dang@4著 |
| 701 | 0 | @a李传磊@Ali chuan lei@4著 |
| 701 | 0 | @a付贵@Afu gui@4著 |
| 801 | 0 | @aCN@b北京卓展@c20191020 |
| 905 | @b1203747-9@dP33@e154@f3 | |
| 水文水资源科技与管理研究/王永党, 李传磊, 付贵著.-汕头:汕头大学出版社,2019 |
| 311页:图;24cm |
| ISBN 978-7-5658-3582-7:CNY80.00 |
| 本书讲述了水文与水资源, 水文测验与水文调查, 水文统计, 地下水资源及其基本特征, 地下水资源计算与评估, 水资源开发利用、评价、规划、优化配置, 用水与节水, 水资源保护, 水资源公共行政管理等内容。 |
| ● |
| 相关链接 |
|
|
|
|
正题名:水文水资源科技与管理研究
索取号:P33/154
 
预约/预借
| 序号 | 登录号 | 条形码 | 馆藏地/架位号 | 状态 | 备注 |
| 1 | 1203747 | 212037473 | 第二样本阅览室/ [索取号:P33/154] | 在馆 | |
| 2 | 1203748 | 212037482 | 第三借阅区/ [索取号:P33/154] | 在馆 | |
| 3 | 1203749 | 212037491 | 第三借阅区/ [索取号:P33/154] | 在馆 |